| 000 | 01038cam a22003258i 4500 | ||
|---|---|---|---|
| 999 |
_c6620 _d6620 |
||
| 001 | 17677385 | ||
| 003 | GZU | ||
| 005 | 20210427093939.0 | ||
| 008 | 130328s2013 dcu b 001 0 eng | ||
| 010 | _a 2013009505 | ||
| 020 | _a9781452239965 (alk. paper) | ||
| 040 |
_aDLC _beng _cDLC _erda _dDLC |
||
| 042 | _apcc | ||
| 043 | _an-us--- | ||
| 050 | 0 | 0 |
_aGE180 _b.ROS 2013 |
| 082 | 0 | 0 |
_a363.7/0560973 _223 |
| 100 | 1 | _aRosenbaum, Walter A. | |
| 245 | 1 | 0 |
_aEnvironmental politics and policy / _cWalter A. Rosenbaum, University of Florida. |
| 250 | _aNinth Edition. | ||
| 264 | 1 |
_aWashington, DC : _bSAGE/CQ Press, _c[2013] |
|
| 300 |
_axv 426 pages ; _c23 cm. |
||
| 336 |
_atext _2rdacontent |
||
| 337 |
_aunmediated _2rdamedia |
||
| 338 |
_avolume _2rdacarrier |
||
| 504 | _aIncludes bibliographical references and index. | ||
| 650 | 0 |
_aEnvironmental policy _zUnited States. |
|
| 906 |
_a7 _bcbc _corignew _d1 _eecip _f20 _gy-gencatlg |
||
| 942 |
_2lcc _cBK _e9th ed. _h180 _iROS _kGE |
||